Fraud in equity: a study in English and Irish Law (Record no. 427590)

000 -LEADER
fixed length control field 00390cam a22001337a 4500
008 - FIXED-LENGTH DATA ELEMENTS--GENERAL INFORMATION
fixed length control field 180718b1957 xxu||||| |||| 00| 0 eng d
082 ## - DEWEY DECIMAL CLASSIFICATION NUMBER
Classification number H514x42 Sh53
100 ## - MAIN ENTRY--PERSONAL NAME
Personal name Sheridan, L. A.
245 ## - TITLE STATEMENT
Title Fraud in equity: a study in English and Irish Law
Statement of responsibility, etc. by L. A. Sheridan
260 ## - PUBLICATION, DISTRIBUTION, ETC.
Place of publication, distribution, etc. London
Name of publisher, distributor, etc. Pitman
Date of publication, distribution, etc. 1957
300 ## - PHYSICAL DESCRIPTION
Extent xliii, 235p
650 ## - SUBJECT ADDED ENTRY--TOPICAL TERM
Topical term or geographic name entry element Fraud --Ireland
650 ## - SUBJECT ADDED ENTRY--TOPICAL TERM
Topical term or geographic name entry element Fraud --Great Britain
Holdings
Withdrawn status Lost status Damaged status Not for loan Permanent Location Current Location Date acquired Full call number Barcode Date last seen Price effective from Koha item type
        Indian Institute of Public Administration Indian Institute of Public Administration 2009-11-19 H514x42 Sh53 5185 2018-07-21 2018-07-21 Book

Powered by Koha